000 00881nam a2200205 i 4500
001 169876
003 ES-MaACL
005 20230906214227.0
008 081211s19261928fr |||| | fre d
080 _a929 Otero, Caroline
100 1 _aOtero, Caroline.
_9139067
245 1 3 _aLe roman de la Belle Otero
_b: sa vie intime, ses amours, ses succès /
_cracontés par elle-même ; avec une préface de Claude Valmont.
260 _aParis :
_bLe Calame,
_c1926.
300 _a319 p., [1] h. de lám. ;
_c19 cm.
595 _aEn port.: "Les souvenirs et la vie intime de la Belle Otero", éd. nouv. rev. et augm., complète en 1 vol.
599 _aLám.: Retr. de la Bella Otero, con ded. de G. d'Annunzio.
600 1 4 _aOtero, Caroline-
_vBiografías.
_987880
700 1 _aValmont, Claude.
_9139073
852 1 _aBA
_jE-12360
_9R.140515
_z- Biblioteca Jacinto Martínez Lacalle
999 _c169876
_d169876